Atatürkçülük: (Record no. 14203)

MARC details
000 -BAŞLIK
Sabit Uzunlukta Kontrol Alanı 00820nam a22002177a 4500
999 ## - SİSTEM KONTROL NUMARALARI (KOHA)
Koha Biblionumber 14203
Koha Biblioitemnumber 14203
003 - KONTROL NUMARASI IDENTIFIER
Denetim Alanı MIRAKIL
005 - SON İŞLEM TARİHİ VE ZAMANI
Denetim Alanı 20201113164328.0
008 - SABİT-BOY VERİ ELEMANLARI - GENEL BİLGİLER
Sabit Uzunlukta Kontrol Alanı 201113b tu ||||| |||| 00| 0 tur d
035 ## - SİSTEM KONTROL NUMARASI
Sistem Kontrol Numarası 13682
040 ## - KATALOGLAMA KAYNAK
Orijinal Kataloglama Ajansı TR-AnCHP
Kataloglama Dili tur
Metne Dönüştürmek Ajansı TR-AnCHP
082 ## - DEWEY ONLU SINIFLANDIRMA NUMARASI
Sınıflandırma Numarası ATA 923.156
Ürün Numarası A72 1984
245 ## - BAŞLIK TABLOSU
Başlık Atatürkçülük:
Başlığın Kalan (Birinci kitap)
-- Atatürk'ün görüş ve direktifleri/
Sorumluluk Tablosu, Vb Genel Kurmay Başkanlığı.
246 ## - UNVAN FORM VARYING
Başlık Doğru / Kısa Başlığı Atatürk'ün görüş ve direktifleri
260 ## - YAYIN, DAĞITIM, VB
Yayın, Dağıtım, Vb Yeri İstanbul:
Yayıncı, Dağıtıcı, Vs Adı Milli Eğitim Basımevi,
Yayın, Dağıtım, Vb Tarihi 1984.
300 ## - FİZİKSEL TANIM
Kapsam iv, 734 s.:
Boyutlar 24 sm.
650 ## - KONU KATMA GİRİŞ - TOPİKAL DÖNEM
Topikal Süreli Veya Coğrafi Ad Giriş Elemanı Atatürk, Mustafa Kemal
Genel Alt Bölümü Atatürk devrimleri
650 ## - KONU KATMA GİRİŞ - TOPİKAL DÖNEM
Topikal Süreli Veya Coğrafi Ad Giriş Elemanı Atatürk, Mustafa Kemal
Genel Alt Bölümü Demokrasi
650 ## - KONU KATMA GİRİŞ - TOPİKAL DÖNEM
Topikal Süreli Veya Coğrafi Ad Giriş Elemanı Atatürk, Mustafa Kemal
Genel Alt Bölümü Ekonomik yaşam
856 ## - ELEKTRONİK YER VE ERİŞİM
Kamu Notu Dijital Nüshası için Partimizin Kütüphane Sorumlusu ile iletişime geçiniz.
942 ## - EKLENDİ GİRİŞ ELEMANLARI (KOHA)
Koha Öğesi Türü Books
Sınıflandırma Veya Raf Düzeni Kaynak Dewey Decimal Classification
Holdings
Kalıcı Konum Mevcut Konum Edinme Tarihi Toplam Check-Out'Lar Tam Çağrı Numarası Barkod Tarih Son Görülme Kopya Sayısı İtibaren Geçerli Fiyatlar Sigara Kamu Notu Koha Öğesi Türü
CHP Kütüphanesi CHP Kütüphanesi 11/13/2020   ATA 923.156 A72 1984 019732 11/13/2020 c.1 11/13/2020 Emine Başak Alkan Bağışıdır. Books